000
00336nam a2200133Ia 4500
008
240624s9999 xx 000 0 und d
041
_a
eng
082
_a
658.812 SOU
100
_a
SOUDAGAR REZA
245
_a
CUSTOMER EXPERIENCE EDGE
260
_c
2012
_a
New Delhi
_b
Tata McGraw-Hill
300
_a
292 : p. : cm. ; 28
365
_c
RS
_b
33
999
_c
26221
_d
26221